| 000 | 00498nam a2200169Ia 4500 | ||
|---|---|---|---|
| 001 | 10727 | ||
| 003 | GE_BSU | ||
| 008 | 181216s||||||||xx |||||||||||||| ||und|| | ||
| 040 | _cGE_BSU | ||
| 245 | _aИнформационно-управляющие системы. №3(70) 2014 | ||
| 245 | _cГл.ред.Сергеев М.Б. | ||
| 260 | _aМосква | ||
| 260 | _c2014 | ||
| 300 | _a138стр.29см. | ||
| 653 | _aИнформационно-управляющие системы | ||
| 942 | _cCR | ||
| 999 |
_c43977 _d43977 |
||